Assessment of Atrial function in thalassemic and sickle cell disease children using conventional and 2D speckled tracking echocardiography (STE) / (رقم التسجيلة. 58070)

تفاصيل مارك
000 -LEADER
fixed length control field 02096cam a2200349 a 4500
003 - CONTROL NUMBER IDENTIFIER
control field EG-GiCUC
005 - DATE AND TIME OF LATEST TRANSACTION
control field 20250223031556.0
008 - FIXED-LENGTH DATA ELEMENTS--GENERAL INFORMATION
fixed length control field 161016s2016 ua dh f m 000 0 eng d
040 ## - CATALOGING SOURCE
Original cataloging agency EG-GiCUC
Language of cataloging eng
Transcribing agency EG-GiCUC
041 0# - LANGUAGE CODE
Language code of text/sound track or separate title eng
049 ## - LOCAL HOLDINGS (OCLC)
Holding library Deposite
097 ## - Thesis Degree
Thesis Level M.Sc
099 ## - LOCAL FREE-TEXT CALL NUMBER (OCLC)
Classification number Cai01.11.28.M.Sc.2016.Ba.A
100 0# - MAIN ENTRY--PERSONAL NAME
Personal name Basma Haroun Fawzy Haroun
245 10 - TITLE STATEMENT
Title Assessment of Atrial function in thalassemic and sickle cell disease children using conventional and 2D speckled tracking echocardiography (STE) /
Statement of responsibility, etc. Basma Haroun Fawzy Haroun ; Supervised Khaled Mohamed Salama , Mohamed Youssef Abdelrahman , Carolyne Morcos Ibrahim
246 15 - VARYING FORM OF TITLE
Title proper/short title تقييم الوظائف الاذينية فى الاطفال مرضى انيميا البحر المتوسط وانيميا الخلايا المنجلية باستخدام الطريقة التقليدية وتتبع النقاط ثنائى الابعاد للموجات فوق الصوتية على القلب
260 ## - PUBLICATION, DISTRIBUTION, ETC.
Place of publication, distribution, etc. Cairo :
Name of publisher, distributor, etc. Basma Haroun Fawzy Haroun ,
Date of publication, distribution, etc. 2016
300 ## - PHYSICAL DESCRIPTION
Extent 141 P. :
Other physical details charts , facsimiles;
Dimensions 25cm
502 ## - DISSERTATION NOTE
Dissertation note Thesis (M.Sc.) - Cairo University - Faculty of Medicine - Department of Pediatrics
520 ## - SUMMARY, ETC.
Summary, etc. This study done to know Atrial functions in thalassemic and sickle cell disease children using conventional and 2D speckled tracking echocardiography (STE) It included 15 SCD patients, and 15 thalassemic patients, the study was done on patients of cairo university hospital for pediatrics. The study showed that 80% of sickle cell disease patients have abnormal LA reservoir function and 60% of thalassemic patients have abnormal range of LA reservoir function
530 ## - ADDITIONAL PHYSICAL FORM AVAILABLE NOTE
Additional physical form available note Issued also as CD
653 #4 - INDEX TERM--UNCONTROLLED
Uncontrolled term Atrial functions
653 #4 - INDEX TERM--UNCONTROLLED
Uncontrolled term Sickle cell disease
653 #4 - INDEX TERM--UNCONTROLLED
Uncontrolled term Thalassemia
700 0# - ADDED ENTRY--PERSONAL NAME
Personal name Carolyne Morcos Ibrahim ,
Relator term
700 0# - ADDED ENTRY--PERSONAL NAME
Personal name Khaled Mohamed Salama ,
Relator term
700 0# - ADDED ENTRY--PERSONAL NAME
Personal name Mohamed Youssef Abdelrahman ,
Relator term
856 ## - ELECTRONIC LOCATION AND ACCESS
Uniform Resource Identifier <a href="http://172.23.153.220/th.pdf">http://172.23.153.220/th.pdf</a>
905 ## - LOCAL DATA ELEMENT E, LDE (RLIN)
Cataloger Nazla
Reviser Revisor
905 ## - LOCAL DATA ELEMENT E, LDE (RLIN)
Cataloger Soheir
Reviser Cataloger
942 ## - ADDED ENTRY ELEMENTS (KOHA)
Source of classification or shelving scheme Dewey Decimal Classification
Koha item type Thesis
المقتنيات
Source of classification or shelving scheme Not for loan Home library Current library Date acquired Full call number Barcode Date last seen Koha item type Copy number
Dewey Decimal Classification   المكتبة المركزبة الجديدة - جامعة القاهرة قاعة الرسائل الجامعية - الدور الاول 11.02.2024 Cai01.11.28.M.Sc.2016.Ba.A 01010110069825000 22.09.2023 Thesis  
Dewey Decimal Classification   المكتبة المركزبة الجديدة - جامعة القاهرة مخـــزن الرســائل الجـــامعية - البدروم 11.02.2024 Cai01.11.28.M.Sc.2016.Ba.A 01020110069825000 22.09.2023 CD - Rom 69825.CD
Cairo University Libraries Portal Implemented & Customized by: Eng. M. Mohamady Contacts: new-lib@cl.cu.edu.eg | cnul@cl.cu.edu.eg
CUCL logo CNUL logo
© All rights reserved — Cairo University Libraries
CUCL logo
Implemented & Customized by: Eng. M. Mohamady Contact: new-lib@cl.cu.edu.eg © All rights reserved — New Central Library
CNUL logo
Implemented & Customized by: Eng. M. Mohamady Contact: cnul@cl.cu.edu.eg © All rights reserved — Cairo National University Library